Rights of appeal in planning (Record no. 117629)

MARC details
000 -LEADER
fixed length control field 01917cam a2200301 4500
001 - CONTROL NUMBER
control field ABS67952
008 - FIXED-LENGTH DATA ELEMENTS--GENERAL INFORMATION
fixed length control field 040701n2004 000 0 eng u
035 ## - SYSTEM CONTROL NUMBER
System control number (Sirsi) u126661
245 ## - TITLE STATEMENT
Title Rights of appeal in planning
260 ## - PUBLICATION, DISTRIBUTION, ETC.
Date of publication, distribution, etc. 2004
490 ## - SERIES STATEMENT
Series statement Scottish Planning and Environmental Law
Volume/sequential designation (103) June 2004, 58-66
490 ## - SERIES STATEMENT
Series statement Journal of the Law Society of Scotland
Volume/sequential designation 49(7) July 2004, 51(10)
520 ## - SUMMARY, ETC.
Summary, etc. Provides background information on the issue of third-party planning appeals. Summarises and comments on the Scottish Executive's "Rights of appeal in planning" consultation paper. Also sets out the options and other proposed changes, including proposals to remove the right to an inquiry into local plan objections and to withdraw the right of appeal. Suggests an alternative to widening rights of appeal in planning by allowing any person to seek a review by a planning authority of its decision before the planning authority issues planning permission or a notice of refusal to grant planning permission. Also considers the fundamental omission in the consultation paper of the failure to address the removal of Crown exemption from planning law. [Taken from journal abstract]. View the consultation paper at www.scotland.gov.uk/consultations
590 ## - LOCAL NOTE (RLIN)
Local note ABS
590 ## - LOCAL NOTE (RLIN)
Local note ABS
650 ## - SUBJECT ADDED ENTRY--TOPICAL TERM
Topical term or geographic name entry element SCOTLAND
650 ## - SUBJECT ADDED ENTRY--TOPICAL TERM
Topical term or geographic name entry element PLANNING PROCEDURE
650 ## - SUBJECT ADDED ENTRY--TOPICAL TERM
Topical term or geographic name entry element PLANNING APPEALS
650 ## - SUBJECT ADDED ENTRY--TOPICAL TERM
Topical term or geographic name entry element RIGHTS OF APPEAL
650 ## - SUBJECT ADDED ENTRY--TOPICAL TERM
Topical term or geographic name entry element PLANNING AUTHORITIES
650 ## - SUBJECT ADDED ENTRY--TOPICAL TERM
Topical term or geographic name entry element PLANNING PERMISSION
650 ## - SUBJECT ADDED ENTRY--TOPICAL TERM
Topical term or geographic name entry element THIRD PARTY RIGHT OF APPEAL
650 ## - SUBJECT ADDED ENTRY--TOPICAL TERM
Topical term or geographic name entry element CONSULTATION PAPERS
690 ## - LOCAL SUBJECT ADDED ENTRY--TOPICAL TERM (OCLC, RLIN)
Topical term or geographic name as entry element PLANNING-PLANNING LAW
856 ## - ELECTRONIC LOCATION AND ACCESS
Uniform Resource Identifier <a href="https://www.scotland.gov.uk/consultations/planning/roap-00.asp">https://www.scotland.gov.uk/consultations/planning/roap-00.asp</a>
Public note View the consultation paper on the Scottish Executive website...
856 ## - ELECTRONIC LOCATION AND ACCESS
Uniform Resource Identifier <a href="https://www.scotland.gov.uk/consultations/planning/roap-00.asp">https://www.scotland.gov.uk/consultations/planning/roap-00.asp</a>
Public note View the consultation paper on the Scottish Executive website...
942 ## - ADDED ENTRY ELEMENTS (KOHA)
Suppress in OPAC 0
Holdings
Withdrawn status Lost status Source of classification or shelving scheme Damaged status Not for loan Home library Current library Shelving location Date acquired Total Checkouts Full call number Barcode Date last seen Copy number Price effective from Koha item type
    Dewey Decimal Classification     London London Journal article 01/07/2004   ABS67952 126661-1001 06/08/2019 1 06/08/2019 Journal article